Current trends in design and construction of embankment dams / (Record no. 547904)
[ view plain ]
| 000 -LEADER | |
|---|---|
| fixed length control field | 01114cam a2200193 i 4500 |
| 082 00 - DEWEY DECIMAL CLASSIFICATION NUMBER | |
| Classification number | 627.83 |
| Author Mark | WIL |
| -- | L-22, P-12 |
| 100 1# - MAIN ENTRY--PERSONAL NAME | |
| Personal name | Wilson, Stanley D. |
| 9 (RLIN) | 44073 |
| 245 10 - TITLE STATEMENT | |
| Title | Current trends in design and construction of embankment dams / |
| Statement of responsibility, etc. | prepared for Committee on International Relations, International Commission on Large Dams (ICOLD) and Geotechnical Division, ASCE by Stanley D. Wilson and Raúl J. Marsal. |
| 260 ## - PUBLICATION, DISTRIBUTION, ETC. | |
| Place of publication, distribution, etc. | New York, N.Y. : |
| Name of publisher, distributor, etc. | American Society of Civil Engineers, |
| Date of publication, distribution, etc. | c1979. |
| 300 ## - PHYSICAL DESCRIPTION | |
| Extent | 125 p. : |
| Other physical details | ill. ; |
| Dimensions | 21 cm. |
| 500 ## - GENERAL NOTE | |
| General note | "An updating of the state-of-the-art report of the design and construction of earth and rockfill dams which was presented at the VII International Conference on Soil Mechanics and Foundation Engineering (Wilson and Squire, 1969)." |
| 526 ## - STUDY PROGRAM INFORMATION NOTE | |
| Program name | 0 |
| Interest level | 0 |
| Reading level | 0 |
| Title point value | 627_830000000000000_WIL |
| 526 ## - STUDY PROGRAM INFORMATION NOTE | |
| Program name | 0 |
| Interest level | 0 |
| Reading level | 0 |
| Title point value | 627_830000000000000_WIL |
| 650 #0 - SUBJECT ADDED ENTRY--TOPICAL TERM | |
| Topical term or geographic name entry element | Earth dams |
| General subdivision | Design and construction |
| -- | Congresses. |
| 9 (RLIN) | 44074 |
| 700 1# - ADDED ENTRY--PERSONAL NAME | |
| Personal name | Marsal, Raúl J., |
| 9 (RLIN) | 44075 |
| 710 2# - ADDED ENTRY--CORPORATE NAME | |
| Corporate name or jurisdiction name as entry element | American Society of Civil Engineers. |
| 9 (RLIN) | 702 |
| 710 2# - ADDED ENTRY--CORPORATE NAME | |
| Corporate name or jurisdiction name as entry element | International Commission on Large Dams. |
| 9 (RLIN) | 44076 |
| 942 ## - ADDED ENTRY ELEMENTS (KOHA) | |
| Source of classification or shelving scheme | |
| Koha item type | Book |
| Withdrawn status | Lost status | Source of classification or shelving scheme | Damaged status | Not for loan | Permanent Location | Current Location | Date acquired | Total Checkouts | Full call number | Barcode | Date last seen | Price effective from | Koha item type |
|---|---|---|---|---|---|---|---|---|---|---|---|---|---|
| Military College of Engineering (MCE) | Military College of Engineering (MCE) | 08/11/2014 | 627.83 WIL | MCE-26248 | 08/11/2014 | 08/11/2014 | Book | ||||||
| Military College of Engineering (MCE) | Military College of Engineering (MCE) | 08/11/2014 | 627.83 WIL | MCE-26247 | 08/11/2014 | 08/11/2014 | Book |
